00460nam a2200133 a 450000100100000000500170001000800410002704000250006810000250009324500780011826000360019630000200023258600740025200002809320200930031337.0110406s1987 dr 000 0 spa d aDO-SdBNPbspacBNPHU1 aPacheco, Juan Rafael10aPadre Luis Quinn :bsemblanza de su filantropía /cJuan Rafael Pacheco. aSanto Domingo:aCENAPEC,c1987. a13 p. ;c21 cm. aConsejo nacional del premio APEC de Filantropía Dr. Heriberto Piter